Advice on GM farm scale evaluation (Record no. 116934)

MARC details
000 -LEADER
fixed length control field 01576cam a2200265 4500
001 - CONTROL NUMBER
control field WB4002-08
008 - FIXED-LENGTH DATA ELEMENTS--GENERAL INFORMATION
fixed length control field 040113n2004 000 0 eng u
035 ## - SYSTEM CONTROL NUMBER
System control number (Sirsi) u124841
245 ## - TITLE STATEMENT
Title Advice on GM farm scale evaluation
260 ## - PUBLICATION, DISTRIBUTION, ETC.
Date of publication, distribution, etc. 2004
490 ## - SERIES STATEMENT
Series statement DEFRA News Release
Volume/sequential designation 13 January 2004 (3)
490 ## - SERIES STATEMENT
Series statement Scottish Executive News Release
Volume/sequential designation (SEen757/2004) 13 January 2004 (2)
520 ## - SUMMARY, ETC.
Summary, etc. The Advisory Committee on Releases to the Environment (ACRE) has reported on the results of the GM crop farm-scale evaluation. The Committee's main advice is that if GMHT beet and spring-sown oilseed rape were grown in a similar way to those in the farm-scale evaluation then adverse environmental impacts would result. There was no evidence of environmental degradation resulting from the cultivation of GMHT maize. Ministers from the UK government and from the Scottish and Welsh administrations will now consider the advice from ACRE and from English Nature before reaching further decisions on issues including whether EU marketing consents for GMHT maize should be revoked or amended. For DEFRA release: http://www.defra.gov.uk/news/latest/2004/gm-0104.h tm For the Scottish Executive release: http://www.scotland.gov.uk/pages/news/2004/01/SEen 757.aspx
590 ## - LOCAL NOTE (RLIN)
Local note WB
590 ## - LOCAL NOTE (RLIN)
Local note WB
650 ## - SUBJECT ADDED ENTRY--TOPICAL TERM
Topical term or geographic name entry element GENETICALLY MODIFIED CROPS
650 ## - SUBJECT ADDED ENTRY--TOPICAL TERM
Topical term or geographic name entry element GENETICALLY MODIFIED TRIALS
650 ## - SUBJECT ADDED ENTRY--TOPICAL TERM
Topical term or geographic name entry element ACRE
650 ## - SUBJECT ADDED ENTRY--TOPICAL TERM
Topical term or geographic name entry element MAIZE
650 ## - SUBJECT ADDED ENTRY--TOPICAL TERM
Topical term or geographic name entry element OILSEED RAPE
650 ## - SUBJECT ADDED ENTRY--TOPICAL TERM
Topical term or geographic name entry element ENVIRONMENTAL IMPACTS
650 ## - SUBJECT ADDED ENTRY--TOPICAL TERM
Topical term or geographic name entry element ENGLISH NATURE
690 ## - LOCAL SUBJECT ADDED ENTRY--TOPICAL TERM (OCLC, RLIN)
Topical term or geographic name as entry element ENVIRONMENT-MANAGEMENT
942 ## - ADDED ENTRY ELEMENTS (KOHA)
Suppress in OPAC 0
Holdings
Withdrawn status Lost status Source of classification or shelving scheme Damaged status Not for loan Home library Current library Shelving location Date acquired Total Checkouts Full call number Barcode Date last seen Copy number Price effective from Koha item type
    Dewey Decimal Classification     London London News article 13/01/2004   WB4002-08 124841-1001 06/08/2019 1 06/08/2019 News article